00718nam a2200157Ia 4500008004100000100002400041245009000065245016500155260005300320260000900373300001000382650001500392856006100407999001900468952007300487170221s9999 xx 000 0 und d aMarina B. Kozhanova aFeatures of Pedagogical Management of Students Civil and Patriotic Qualities Forming  cMarina B. Kozhanova, Igor V. Kozhanov, Gulnara R. Ibraeva, Valentina A. Komelina, Dmitry A. Krylov, Nikolai V. Kuzmin, Nadezhda N. Golovina, Svetlana A. Arefeva bInternational Review of Management and Marketing c2012 a7 : 1 xMarketing. uhttp://www.econjournals.com/index.php/irmm/issue/view/71 c313953d313953 001040aCLbCLd2017-02-21l0r2017-02-21 00:00:00w2017-02-21yFOJ